The disciplines of interpretation (Record no. 212766)
[ view plain ]
| 000 -LEADER | |
|---|---|
| fixed length control field | 01713nam a2200397Ia 4500 |
| 082 04 - DEWEY DECIMAL CLASSIFICATION NUMBER | |
| Classification number | 801/.95/094309033 |
| 100 1# - MAIN ENTRY--AUTHOR NAME | |
| Personal name | Leventhal, Robert Scott. |
| 245 14 - TITLE STATEMENT | |
| Title | The disciplines of interpretation |
| 260 ## - PUBLICATION, DISTRIBUTION, ETC. (IMPRINT) | |
| Place of publication | Berlin ; |
| -- | New York : |
| Name of publisher | W. de Gruyter, |
| Year of publication | 1994. |
| 300 ## - PHYSICAL DESCRIPTION | |
| Number of Pages | xi, 351 p. |
| 650 #0 - SUBJECT ADDED ENTRY--TOPICAL TERM | |
| Topical Term | Criticism |
| Topical Term | Semiotics and literature. |
| Topical Term | Discourse analysis, Literary. |
| Topical Term | Philology |
| 856 40 - ELECTRONIC LOCATION AND ACCESS | |
| Uniform Resource Identifier | http://site.ebrary.com/lib/rucke/Doc?id=10598087 |
No items available.
